Score 0/40 Timer 05:00
13 Plays Today
% Correct
Bellatrix
97.9%
Sirius
97.3%
Diagon
97.2%
Moaning
96.8%
Death
96.8%
Dolores
96.6%
Triwizard
96.5%
Marauder's
95.9%
Chocolate
95.9%
Polyjuice
95.7%
Dumbledore's
95.6%
Remus
95.5%
Fleur
95.4%
Daily
94.5%
Whomping
94.3%
Elder
94.2%
Rita
94.1%
Privet
93.8%
Parvati
93.3%
Nymphadora
93.2%
% Correct
Igor
91.3%
Horace
91.3%
Floo
90.9%
Bloody
90.8%
Three
90.8%
Shrieking
90.8%
Norwegian
90.3%
Knight
89.9%
Fenrir
88.1%
Felix
87.5%
Kingsley
86.9%
Grimmauld
86.6%
Rufus
83.9%
Cornish
83.4%
Stan
81.6%
Susan
81%
Ludo
80.6%
Arabella
77.6%
Ford
77.4%
Chudley
76.6%
Remove Ads.
Support Sporcle.
Get the best of Sporcle when you Go Orange. This ad-free experience offers more features, more stats, and more fun while also helping to support Sporcle. Thank you for becoming a member.

You're not logged in!

Compare scores with friends on all Sporcle quizzes.
OR
Log In

Show Comments

Extras

Top Quizzes Today


Score Distribution

Your Account Isn't Verified!

In order to create a playlist on Sporcle, you need to verify the email address you used during registration. Go to your Sporcle Settings to finish the process.

Report this User

Report this user for behavior that violates our Community Guidelines.

Details: